Μελέτη αξιοπιστίας, διαθεσιμότητας και εμπιστευτικότητας πληροφοριακών συστημάτων με υποβάθμιση πόρων και κενά ασφαλείας : διπλωματική εργασία
Saved in:
| Main Author: | |
|---|---|
| Corporate Author: | |
| Other Authors: | |
| Format: | Thesis Book |
| Language: | Greek |
| Published: |
2013
|
| Subjects: | |
| Online Access: | http://hdl.handle.net/11610/14625 |
| Tags: |
Add Tag
No Tags, Be the first to tag this record!
|
MARC
| LEADER | 00000cam a2200000 i 4500 | ||
|---|---|---|---|
| 001 | 1/50403 | ||
| 008 | 140701s2013 gre d | ||
| 035 | |l 10118156 | ||
| 040 | |a GR-MY-UA |b gre |e aacr | ||
| 041 | 0 | |a gre | |
| 082 | 0 | |a 658.4038011 |2 (23) | |
| 100 | 1 | |a Καϊσίδης, Βλαδίμηρος. | |
| 245 | 1 | 0 | |a Μελέτη αξιοπιστίας, διαθεσιμότητας και εμπιστευτικότητας πληροφοριακών συστημάτων με υποβάθμιση πόρων και κενά ασφαλείας : |b διπλωματική εργασία / |c Καϊσίδης Βλαδίμηρος ; επιβλέπων: Πλατής Αγάπιος |
| 260 | |c 2013 | ||
| 300 | |a 76 σ.; |b πίν., διαγρ.; |c 30 εκ. | ||
| 502 | # | # | |a Διατριβή (μεταπτυχιακή) – Πανεπιστήμιο Αιγαίου, Χίος, 2013. |
| 504 | |a Περιλαμβάνει βιβλιογραφία | ||
| 650 | 0 | 0 | |a Management information systems. |
| 650 | 0 | 0 | |a Information resources management. |
| 650 | 0 | 0 | |a Information storage and retrieval systems. |
| 650 | 0 | 0 | |a Dissertations, Academic |z Greece. |
| 700 | 1 | |a Πλατής, Αγάπιος. |4 ths | |
| 710 | 1 | |a Πανεπιστήμιο Αιγαίου |b Σχολή Επιστημών της Διοίκησης |b Τμήμα Μηχανικών Οικονομίας και Διοίκησης |b Μεταπτυχιακό Πρόγραμμα Σπουδών "Οικονομική & Διοίκηση για Μηχανικούς" - Ο.ΔΙ.Μ. | |
| 852 | |a INST |b CHIOS |c DIATR |e 20140703 |h 658.4038011 ΚΑΪ |p 005200036888 |q 005200036888 |t MTXE |y 23 | ||
| 852 | |a INST |b CHIOS |c DIATR |e 20140701 |h 658.4038011 ΚΑΪ |p 005200036889 |q 005200036889 |t MTXE |y 23 | ||
| 856 | |u http://hdl.handle.net/11610/14625 | ||
| 901 | |a BIBL2-2014-2 | ||
| 909 | |a Χ |b 180457 | ||
| 909 | |a Χ |b 180458 | ||
| 924 | |a ΚΑΪΣΙΔΗΣ |b ΒΛΑΔΙΜΗΡΟΣ |y ΧΙΟΣ |z 2013-12 | ||
| 970 | |a ΠΑΡΟΙΚΑΚΗ |b ΒΑΣΙΛΙΚΗ |z 2014/07/01 | ||